| 000 | 00775 a2200205 4500 | ||
|---|---|---|---|
| 999 |
_c1060 _d1060 |
||
| 020 | _a0340809493 (pb) | ||
| 050 | 0 | 0 | _aGF41.MID 2003 |
| 100 | 1 | _aMiddleton, Nick. | |
| 245 | 1 | 4 |
_aThe global casino : _ban introduction to environmental issues / _cNick Middleton. |
| 264 |
_aLondon: _bArnold., _c2003 |
||
| 300 |
_axi, 435 p. : _bill., maps ; |
||
| 500 | _alncludes index. | ||
| 504 | _aIncludes bibliographical references (p. [398]-423) | ||
| 650 | 0 | _aHuman ecology. | |
| 650 | 0 | _aEnvironmental policy. | |
| 650 | 0 | _aEnvironmentalism. | |
| 856 | 4 | 2 |
_3Publisher description _uhttp://www.loc.gov/catdir/enhancements/fy0620/2004271618-d.html |
| 942 |
_2lcc _cBK _h41 _iMID _kGF |
||